000 00695nam a2200181 i 4500
001 83577
003 ES-MaACL
005 20230906174845.0
007 t|
008 041117s1956 sp ||||1| spa d
100 1 _aIntrozzi, Paolo.
_965352
245 1 0 _aTerapéutica de los defectos de la coagulación /
_cPaolo Introzzi, Pietro de Nicola ; traducción de la 1ª edición italiana por M. Miserachs Rigalt.
260 _aBarcelona :
_bEditorial Científico-Médica,
_c1956 (
_fCasa Provincial de Caridad, Imp. Escuela)
300 _aVIII, 186 p. :
_bil. ;
_c25 cm.
700 1 _aNicola, Pietro de.
_985553
700 1 _aMiserachs Rigalt, Manuel.
_981647
852 _aES-MaACL
_jC-10886
_bR.39311
999 _c83577
_d83577